• 首页
  • 本馆介绍
  • 公告通知
  • 最新文献
  • 馆藏检索
  • 电子资源
  • 读者导购
  • 参考咨询
  • 我的图书馆
  • 登录
  • 详细信息显示
  • 放入我的书架
  • 预约/预借图书
  • 作者相关作品
  • 分类相关作品
  • 丛书相关作品
  • 出版社相关作品

书目信息

  • 表格格式
  • 工作单格式
  • 卡片格式
题名:
商务演讲技巧
    
 
作者: 劳斯 著
分册:  
出版信息: 北京   人民邮电出版社  2008
页数: 10,139页
开本: 21×19cm
丛书名:
单 册:
中图分类: H311.9
科图分类:
主题词: 商务--英语--演讲 , 商务 , 英语
电子资源:
ISBN: 978-7-115-18275-3
000 00721nam0 2200241 45
005 20100303155258.56
010    @a978-7-115-18275-3@dCNY35.00
100    @a20100121d2008 ekmy0chiy0120 ea
101 1  @achi@aeng@eeng@ceng
102    @aCN@b110000
105    @aa z 000yy
106    @ar
200 1  @a商务演讲技巧@AShang Wu Yan Jiang Ji Qiao@f(英) 劳斯(Laws, A.)著@F( Ying ) Lao Si (Laws, A.) Zhu
210    @a北京@c人民邮电出版社@d2008
215    @a10,139页@c图@d21×19cm
300    @a商务英语沟通技能系列
606 0  @a商务@x英语@x演讲
606 0  @a商务
606 0  @a英语
690    @aH311.9@v4
701  1 @a劳斯@ALao Si@g(Laws, A.)@4著
801  0 @aCN@bTANGWEI@c20100303
905    @b0585447-51@dH311.9@e64@f5
    
    商务演讲技巧/(英) 劳斯(Laws, A.)著.-北京:人民邮电出版社,2008
    10,139页:图;21×19cm
    商务英语沟通技能系列
    
    ISBN 978-7-115-18275-3:CNY35.00
    
●
相关链接 在E读中查询图书 在五车中查询图书 在当当中查询图书 在豆瓣中查询图书


正题名:商务演讲技巧     索取号:H311.9/64         预约/预借

序号 登录号 条形码 馆藏地/架位号 状态 备注
1 0585447   205854477   第二样本阅览室/ [索取号:H311.9/64] 在馆    
2 0585448   205854486   第四借阅区/ [索取号:H311.9/64] 在馆    
3 0585449   205854495   第四借阅区/ [索取号:H311.9/64] 在馆    
4 0585450   205854501   第四借阅区/ [索取号:H311.9/64] 在馆    
5 0585451   205854510   第四借阅区/ [索取号:H311.9/64] 在馆    
唐山师范学院图书馆 欢迎您!
大连网信软件有限公司© 版权所有